00572nam a22001697a 450000500170000001000150001702000260003203500130005803700130007108200130008410000170009724501240011426000440023827000760028230000240035850000200038220150608143819.0 aENG-112832 c950.00a9789350351000 aEN-96364 bDBAD/PUB a342.5411 aSharma, S.K. aThe constitution of Jammu and Kashmir : cby S.K. Sharma ba perspective with reference to the constitution of India /  aDelhi bUniversal Law Publishing c2011 aC-FF-1A, Dilkhush Industrial Estate, G.T. Karnal Road, bDelhi e110033 alii,577p.c25cm(Hb) aIncludes index